<?xml version="1.0" encoding="UTF-8"?>
<record
    xmlns:xsi="http://www.w3.org/2001/XMLSchema-instance"
    xsi:schemaLocation="http://www.loc.gov/MARC21/slim http://www.loc.gov/standards/marcxml/schema/MARC21slim.xsd"
    xmlns="http://www.loc.gov/MARC21/slim">

  <leader>03327nam a2200373   4500</leader>
  <controlfield tag="001">14902101</controlfield>
  <controlfield tag="005">20141013102615.0</controlfield>
  <controlfield tag="007">000</controlfield>
  <controlfield tag="008">000</controlfield>
  <datafield tag="010" ind1=" " ind2=" ">
    <subfield code="a">  2007931665</subfield>
  </datafield>
  <datafield tag="020" ind1=" " ind2=" ">
    <subfield code="a">0534249663</subfield>
  </datafield>
  <datafield tag="020" ind1=" " ind2=" ">
    <subfield code="a">9780534249663</subfield>
  </datafield>
  <datafield tag="035" ind1=" " ind2=" ">
    <subfield code="a">(OCoLC)ocn191214893</subfield>
  </datafield>
  <datafield tag="040" ind1=" " ind2=" ">
    <subfield code="a">UOEL</subfield>
    <subfield code="c">SZR</subfield>
    <subfield code="d">SZR</subfield>
    <subfield code="d">BAKER</subfield>
    <subfield code="d">YDXCP</subfield>
    <subfield code="d">DLC</subfield>
  </datafield>
  <datafield tag="042" ind1=" " ind2=" ">
    <subfield code="a">lccopycat</subfield>
  </datafield>
  <datafield tag="050" ind1="0" ind2="0">
    <subfield code="a">QH308.2</subfield>
    <subfield code="b">.B56449 2008</subfield>
  </datafield>
  <datafield tag="082" ind1="0" ind2="0">
    <subfield code="a">570</subfield>
    <subfield code="2">22</subfield>
  </datafield>
  <datafield tag="245" ind1="0" ind2="0">
    <subfield code="a">Biology :</subfield>
    <subfield code="b">the dynamic science /</subfield>
    <subfield code="c">Peter J. Russell ... [et al.].</subfield>
  </datafield>
  <datafield tag="250" ind1=" " ind2=" ">
    <subfield code="a">1st ed.</subfield>
  </datafield>
  <datafield tag="260" ind1=" " ind2=" ">
    <subfield code="a">Australia ;</subfield>
    <subfield code="a">Belmont, CA :</subfield>
    <subfield code="b">Thomson Brooks/Cole,</subfield>
    <subfield code="c">2008.</subfield>
  </datafield>
  <datafield tag="300" ind1=" " ind2=" ">
    <subfield code="a">xxxiii, 1289, [128] p. :</subfield>
    <subfield code="b">col. ill., col. maps ;</subfield>
    <subfield code="c">28 cm.</subfield>
  </datafield>
  <datafield tag="500" ind1=" " ind2=" ">
    <subfield code="a">Includes index.</subfield>
  </datafield>
  <datafield tag="505" ind1="0" ind2=" ">
    <subfield code="a">Introduction to biological concepts and research -- Life, chemistry, and water -- Biological molecules: the carbon compounds of life -- Energy, enzymes, and biological reactions -- The cell: an overview -- Membranes and transport -- Cell communication -- Harvesting chemical energy: cellular respiration -- Photosynthesis -- Cell division and mitosis -- Meiosis: the cellular basis of sexual reproduction -- Mendel, genes and inheritance -- Genes chromosomes and human genetics -- DNA structure, replication and organization -- From DNA to protein -- Control of gene expression -- Bacterial and viral genetics -- DNA technologies and genomics -- The development of evolutionary thought -- Microevolution: genetic changes within populations -- Speciation -- Paleobiology and macroevolution -- Systematic biology: phylogeny and classification -- The origin of life -- Prokaryotes and viruses -- Protists -- Plants -- Fungi -- Animal phylogeny, acoelomates and protostomes -- Deuterostomes: vertebratesand their closest relatives -- The plant body -- Transport in plants -- Plant nutrition -- Reproduction and development in flowering plants -- Control of plant growth and development --</subfield>
  </datafield>
  <datafield tag="505" ind1="0" ind2=" ">
    <subfield code="a">Introduction to animal organization and physiology -- Information flow and the neuron -- Nervous systems -- Sensory systems -- The endocrine system -- Muscles, bones, and body movement -- The circulatory system -- Defenses against disease -- Gas exchange: the respiratory system -- Animal nutrition -- Regulating the internal environment -- Animal reproduction -- Animal development -- Population ecology -- Population interactions and community ecology -- Ecosystems -- The biosphere -- Biodiversity and conservation biology -- The physiology and genetics of animal behavior -- The ecology and evolution of animal behavior.</subfield>
  </datafield>
  <datafield tag="650" ind1=" " ind2="0">
    <subfield code="a">Biology</subfield>
    <subfield code="x">Natural History (General). Biology (General)</subfield>
  </datafield>
  <datafield tag="700" ind1="1" ind2=" ">
    <subfield code="a">Russell, Peter J.</subfield>
  </datafield>
  <datafield tag="856" ind1="4" ind2="2">
    <subfield code="3">Contributor biographical information</subfield>
    <subfield code="u">http://www.loc.gov/catdir/enhancements/fy1302/2007931665-b.html</subfield>
  </datafield>
  <datafield tag="856" ind1="4" ind2="2">
    <subfield code="3">Publisher description</subfield>
    <subfield code="u">http://www.loc.gov/catdir/enhancements/fy1302/2007931665-d.html</subfield>
  </datafield>
  <datafield tag="856" ind1="4" ind2="1">
    <subfield code="3">Table of contents only</subfield>
    <subfield code="u">http://www.loc.gov/catdir/enhancements/fy1302/2007931665-t.html</subfield>
  </datafield>
  <datafield tag="906" ind1=" " ind2=" ">
    <subfield code="a">7</subfield>
    <subfield code="b">cbc</subfield>
    <subfield code="c">copycat</subfield>
    <subfield code="d">2</subfield>
    <subfield code="e">ncip</subfield>
    <subfield code="f">20</subfield>
    <subfield code="g">y-gencatlg</subfield>
  </datafield>
  <datafield tag="942" ind1=" " ind2=" ">
    <subfield code="2">lcc</subfield>
    <subfield code="c">SL2</subfield>
  </datafield>
  <datafield tag="999" ind1=" " ind2=" ">
    <subfield code="c">768</subfield>
    <subfield code="d">768</subfield>
  </datafield>
  <datafield tag="952" ind1=" " ind2=" ">
    <subfield code="0">0</subfield>
    <subfield code="1">0</subfield>
    <subfield code="2">lcc</subfield>
    <subfield code="4">0</subfield>
    <subfield code="7">0</subfield>
    <subfield code="a">UOE</subfield>
    <subfield code="b">UOE</subfield>
    <subfield code="c">SHO</subfield>
    <subfield code="d">2014-10-13</subfield>
    <subfield code="l">1</subfield>
    <subfield code="o">QH308.2 .B56449 2008</subfield>
    <subfield code="p">20141000</subfield>
    <subfield code="r">2026-04-27 09:32:03</subfield>
    <subfield code="s">2018-01-15</subfield>
    <subfield code="t">20141000</subfield>
    <subfield code="w">2014-10-13</subfield>
    <subfield code="y">SL2</subfield>
  </datafield>
</record>
